| 000 | 01126nas a2200325 4500 | ||
|---|---|---|---|
| 001 | BR2015004266 | ||
| 003 | BR-BrBNA | ||
| 005 | 20231205125548.0 | ||
| 007 | ta | ||
| 008 | 230509b bl.|||p| |||| 00| 00por d | ||
| 040 |
_aBR-BrBNA _bpor _cBiblioteca Nacional de Agricultura |
||
| 041 | _a(Pt) | ||
| 072 | _aQ70; F04 | ||
| 100 | 1 | _aMatos, A.T. de | |
| 100 | 1 | _aSilva, D. de F. | |
| 100 | 1 | _aLo Monaco, P.A.V. | |
| 100 | 1 | _aPereira, O.G. | |
| 245 | 1 | _aProdutividade e composição química do capim-Tifton 85 submetido a diferentes taxas de aplicação do percolado de resíduo sólido urbano | |
| 246 | 1 | _aYield and chemical composition of Tifton 85 submitted to different rates of landfill leachate | |
| 650 | _aCAPIM | ||
| 650 | _aFERTIRRIGACAO | ||
| 650 | _aPURINA | ||
| 650 | _aREDE DE ESGOTO | ||
| 650 | _aCOMPOSICAO QUIMICA | ||
| 650 | _aRENDIMENTO | ||
| 773 | 0 |
_tEngenharia Agrícola (Brazil) _xISSN 1809-4430 _g(Jan-Feb 2013), v. 33(1) p. 188-200 _wBR2015004266 |
|
| 856 | 4 | 0 | _uhttp://www.scielo.br/pdf/eagri/v33n1/v33n1a19.pdf |
| 909 |
_a202311 _bLúcia _c55 _dLúcia Elande |
||
| 942 |
_2AGRIS _n0 _cANA |
||
| 999 |
_c244932 _d244932 |
||